000 00561nam a2200205Ia 4500
003 LK-CoDNM
005 20240323102409.0
008 010623t1960 xxu||||| |||| 00| 1 sin d
040 _aLK-CoDNM
_dLK-CoDNM
_eLK-CoDNM
041 _asin
080 _aකො30
100 _aKolins,Vilki
245 _aචන්ද්‍රකාන්ති මාණික ය
246 _aChandrakaanthi Maanikya
260 _bSaman Press
_aMaharagama
_c1960
300 _bDamaged
_a502p.,18cm
650 _aNovel
700 _aKurukularachchi,D.H.J
_eed.
942 _cBK
999 _c105335
_d105335